[Event "EU-ch Online U2300 Qual"]
[Site "Chess.com INT"]
[Date "2020.05.25"]
[Round "3"]
[White "Gabovits, Ilia"]
[Black "Nandrean, Dan"]
[Result "0-1"]
[WhiteElo "1952"]
[BlackElo "2173"]
[PlyCount "38"]
[EventDate "2020.05.25"]
[EventType "swiss"]
[EventRounds "8"]
[EventCountry "NET"]
[SourceTitle "EXT 2021"]
[Source "ChessBase"]
[SourceDate "2020.10.23"]
[SourceVersion "1"]
[SourceVersionDate "2020.10.23"]
[SourceQuality "1"]

1. d4 Nf6 2. c4 e6 3. g3 d6 4. Nf3 Nbd7 5. Bg2 c5 6. 0-0 cxd4 7. Qxd4 a6 8. Nc3 Qc7 9. e4 Be7 10. h3 0-0 11. Be3 Re8 12. Rac1 b6 13. e5 dxe5 14. Nxe5 Bb7 15. Nxd7 Nxd7 16. Bf4 e5 17. Bxe5 Nxe5 18. Bxb7 Rad8 19. Bd5 Nf3+ 0-1

[Event "EU-ch Online U2300 Qual"]
[Site "Chess.com INT"]
[Date "2020.05.25"]
[Round "2"]
[White "Toman, Jan"]
[Black "Gabovits, Ilia"]
[Result "1-0"]
[WhiteElo "2072"]
[BlackElo "1952"]
[PlyCount "137"]
[EventDate "2020.05.25"]
[EventType "swiss"]
[EventRounds "8"]
[EventCountry "NET"]
[SourceTitle "EXT 2021"]
[Source "ChessBase"]
[SourceDate "2020.10.23"]
[SourceVersion "1"]
[SourceVersionDate "2020.10.23"]
[SourceQuality "1"]

1. Nf3 Nf6 2. g3 g6 3. Bg2 Bg7 4. 0-0 0-0 5. d3 d5 6. Nbd2 d4 7. e4 c5 8. a4 Nc6 9. Nc4 h6 10. h3 Ne8 11. Nfd2 e5 12. f4 exf4 13. gxf4 Nd6 14. Qf3 Nb4 15. Nxd6 Qxd6 16. Nc4 Qe7 17. Rf2 Be6 18. b3 f5 19. e5 Bd5 20. Qg3 Kh7 21. Ba3 Bxg2 22. Rxg2 Qe6 23. Bxb4 cxb4 24. Nd6 Rab8 25. Nb5 Rbc8 26. Nxd4 Qb6 27. Kh1 Rfd8 28. Nxf5 Bf8 29. Nd6 Rxd6 30. exd6 Qxd6 31. Rf1 Bg7 32. f5 Qxg3 33. Rxg3 gxf5 34. Rxf5 Rc7 35. Rb5 Bc3 36. Kg2 Re7 37. Kf3 b6 38. Rg4 Rf7+ 39. Ke4 Rf2 40. Rd5 Re2+ 41. Kf3 Re7 42. Re4 Rf7+ 43. Kg4 Bd2 44. Rf5 Rg7+ 45. Kf3 Bc3 46. d4 Rd7 47. Ke3 Kg6 48. Rf3 Bb2 49. Kd3 h5 50. Kc4 Bc3 51. Re6+ Kg7 52. Re5 Rxd4+ 53. Kb5 Kg6 54. Re6+ Kg5 55. Re5+ Kg6 56. Re7 Rd5+ 57. Ka6 Ra5+ 58. Kb7 Rc5 59. Kxa7 Rc6 60. Kb7 Rd6 61. Re4 Bd4 62. Rd3 Kf5 63. Rdxd4 Rg6 64. Rf4+ Ke5 65. Rxb4 Kd5 66. Rfd4+ Kc5 67. Rdc4+ Kd5 68. Rb5+ Ke6 69. Rxb6+ 1-0

[Event "Viljandi Raud Memorial 50th"]
[Site "Viljandi"]
[Date "2016.07.04"]
[Round "8"]
[White "Gabovits, Ilia"]
[Black "Luukkonen, Tommi"]
[Result "0-1"]
[WhiteElo "1931"]
[BlackElo "2377"]
[PlyCount "86"]
[EventDate "2016.06.27"]
[EventType "swiss"]
[EventRounds "9"]
[EventCountry "EST"]
[SourceTitle "CBM 173 Extra"]
[Source "ChessBase"]
[SourceDate "2016.08.29"]
[SourceVersion "1"]
[SourceVersionDate "2016.08.29"]
[SourceQuality "1"]

1. d4 Nf6 2. c4 c5 3. d5 e6 4. Nc3 exd5 5. cxd5 d6 6. Nf3 g6 7. h3 a6 8. a4 Qe7 9. Bf4 Bg7 10. Nd2 0-0 11. e3 Nbd7 12. Nc4 Ne8 13. Be2 b6 14. Ra3 Rb8 15. Rb3 f5 16. Qd2 h5 17. h4 Kh7 18. g3 Be5 19. 0-0 Bxf4 20. exf4 Nc7 21. Na3 Nf6 22. Re1 Re8 23. Nc2 Qf8 24. Bf3 Bd7 25. Rxe8 Qxe8 26. a5 b5 27. Nd1 Qf7 28. Nde3 Re8 29. Rd3 Bc8 30. b4 c4 31. Rd4 Bb7 32. Na3 Ne4 33. Qd1 Nxg3 34. Nexc4 bxc4 35. fxg3 Nb5 36. Nxb5 axb5 37. Kf2 Rc8 38. Rd2 Qf6 39. Re2 c3 40. Re6 Qg7 41. Re2 Rc4 42. Bxh5 gxh5 43. Re5 Qf7 0-1

[Event "EU-ch U18"]
[Site "Prague"]
[Date "2012.08.18"]
[Round "2"]
[White "Gabovits, Ilia"]
[Black "Papakonstantinou, Dimitrios"]
[Result "0-1"]
[WhiteElo "1893"]
[BlackElo "2129"]
[PlyCount "50"]
[EventDate "2012.08.17"]
[EventType "swiss"]
[EventRounds "9"]
[EventCountry "CZE"]
[SourceTitle "CBM 150 Extra"]
[Source "ChessBase"]
[SourceDate "2012.10.19"]
[SourceVersion "1"]
[SourceVersionDate "2012.10.19"]
[SourceQuality "1"]

1. e4 c5 2. Nf3 e6 3. d4 cxd4 4. Nxd4 Nf6 5. Nc3 d6 6. Be3 a6 7. f3 b5 8. Qd2 Nbd7 9. g4 h6 10. 0-0-0 b4 11. Nce2 Ne5 12. Ng3 d5 13. g5 hxg5 14. Bxg5 dxe4 15. Bxf6 gxf6 16. Kb1 Bb7 17. Qe1 Qb6 18. Nxe4 0-0-0 19. c3 Nxf3 20. Nxf3 Rxd1+ 21. Qxd1 Bxe4+ 22. Bd3 bxc3 23. b3 Qe3 24. Bxe4 Qxe4+ 25. Ka1 Ba3 0-1

[Event "Keres Memorial rap qual 21st"]
[Site "Tallinn"]
[Date "2012.01.07"]
[Round "6"]
[White "Gabovits, Ilia"]
[Black "Westerinen, Heikki MJ"]
[Result "1/2-1/2"]
[WhiteElo "1882"]
[BlackElo "2318"]
[PlyCount "66"]
[EventDate "2012.01.06"]
[EventType "swiss (rapid)"]
[EventRounds "7"]
[EventCountry "EST"]
[SourceTitle "CBM 146 Extra"]
[Source "ChessBase"]
[SourceDate "2012.02.29"]
[SourceVersion "1"]
[SourceVersionDate "2012.02.29"]
[SourceQuality "1"]

1. e4 e6 2. d4 d5 3. Nc3 dxe4 4. Nxe4 Nd7 5. Nf3 Ngf6 6. Nxf6+ Nxf6 7. Bg5 Be7 8. Bd3 0-0 9. Qe2 Qd5 10. 0-0 h6 11. c4 Qa5 12. Bd2 Bb4 13. Bxb4 Qxb4 14. a3 Qd6 15. Rad1 b6 16. Bb1 Bb7 17. Ne5 Rad8 18. Qc2 Be4 19. Qc1 Bxb1 20. Qxb1 c5 21. Nf3 Qc6 22. b3 Qe4 23. Qxe4 Nxe4 24. Rfe1 Nf6 25. dxc5 bxc5 26. Kf1 Rxd1 27. Rxd1 Rb8 28. Rd3 Kf8 29. Ne5 Rb6 30. f3 Ke8 31. Ke2 a6 32. Kd2 Rb7 33. Kc3 Nd7 1/2-1/2

[Event "Wch U10"]
[Site "Belfort"]
[Date "2005.07.23"]
[Round "5"]
[White "Kaphle, Sebastian"]
[Black "Gabovits, Ilia"]
[Result "1-0"]
[WhiteElo "1944"]
[BlackElo "1599"]
[PlyCount "45"]
[EventDate "2005.07.19"]
[EventType "swiss"]
[EventRounds "11"]
[EventCountry "FRA"]
[SourceTitle "CBM 107 Extra"]
[Source "ChessBase"]
[SourceDate "2005.09.01"]
[SourceVersion "1"]
[SourceVersionDate "2005.09.01"]
[SourceQuality "1"]

1. e4 c5 2. Nf3 Nc6 3. d4 cxd4 4. Nxd4 e5 5. Nb5 d6 6. N1c3 a6 7. Na3 b5 8. Nd5 Nf6 9. Bg5 Be7 10. Bxf6 Bxf6 11. c3 Bg5 12. Nc2 0-0 13. Ncb4 Nxb4 14. Nxb4 f5 15. Qd5+ Kh8 16. Qxa8 Qb6 17. Bd3 fxe4 18. 0-0 exd3 19. Nxd3 Be7 20. Qd5 Rf6 21. Nb4 Be6 22. Qa8+ Rf8 23. Qxa6 1-0